| 000 | 00648nam a2200169 i 4500 | ||
|---|---|---|---|
| 001 | 81070 | ||
| 003 | ES-MaACL | ||
| 005 | 20230906174349.0 | ||
| 007 | t| | ||
| 008 | 041102q1909 fr ||||1| fre d | ||
| 245 | 0 | 3 |
_aLa Hollande illustrée / _c[publiée sous la direction de Maxime Petit]. |
| 260 |
_aParis : _bLarousse, _c[1909?] |
||
| 300 |
_a194 p., 349 fotos, 39 cart., 15 lám. ; _c32 cm. |
||
| 500 | _a349 reproductions photographiques- - 35 cartes et plans en noir- - 15 planches hors texte en noir- - 4 cartes en couleurs - - 2 planches hors texte en couleurs. | ||
| 651 | 4 |
_aHolanda- _xGeografía. _9162102 |
|
| 852 |
_aES-MaACL _jB-11436 |
||
| 999 |
_c81070 _d81070 |
||